[Event "Philadelphia int op 11th"]
[Site "Philadelphia"]
[Date "2017.06.27"]
[Round "6"]
[White "Bhaskar, Sanjeevi"]
[Black "Baquero, Luis A"]
[Result "0-1"]
[WhiteElo "1583"]
[BlackElo "2222"]
[PlyCount "60"]
[EventDate "2017.06.24"]
[EventType "swiss"]
[EventRounds "9"]
[EventCountry "USA"]
[SourceTitle "CBM 179 Extra"]
[Source "ChessBase"]
[SourceDate "2017.08.23"]
[SourceVersion "1"]
[SourceVersionDate "2017.08.23"]
[SourceQuality "1"]

1. Nf3 d5 2. g3 g6 3. Bg2 Bg7 4. d4 Nf6 5. 0-0 0-0 6. c4 dxc4 7. Na3 c3 8. bxc3 c5 9. Ne5 Nd5 10. Qb3 Nxc3 11. Qxc3 cxd4 12. Qc5 Na6 13. Qb5 Nc7 14. Qa5 b6 15. Qd2 Bxe5 16. Bxa8 Nxa8 17. Bb2 Bg7 18. Rad1 e5 19. e4 Ba6 20. Rfe1 Nc7 21. Nc2 Ne6 22. Nb4 Bb7 23. h4 Nc5 24. f3 f5 25. Qc2 fxe4 26. fxe4 Qa8 27. Qc4+ Kh8 28. Nd5 Nxe4 29. Nc7 Qc8 30. Rd3 Nc5 0-1

[Event "Philadelphia int op 11th"]
[Site "Philadelphia"]
[Date "2017.06.24"]
[Round "1"]
[White "Baquero, Luis A"]
[Black "Quesada Perez, Yuniesky"]
[Result "0-1"]
[WhiteElo "2222"]
[BlackElo "2624"]
[PlyCount "56"]
[EventDate "2017.06.24"]
[EventType "swiss"]
[EventRounds "9"]
[EventCountry "USA"]
[SourceTitle "CBM 179 Extra"]
[Source "ChessBase"]
[SourceDate "2017.08.23"]
[SourceVersion "1"]
[SourceVersionDate "2017.08.23"]
[SourceQuality "1"]

1. c4 e5 2. Nc3 Nf6 3. g3 Bb4 4. Nd5 Nxd5 5. cxd5 0-0 6. Bg2 c5 7. Qc2 d6 8. Nf3 Re8 9. 0-0 e4 10. Ne1 Bg4 11. f3 exf3 12. exf3 Bh5 13. Nd3 Bg6 14. Qc4 Nd7 15. Nf4 Ne5 16. Qb5 a6 17. Qa4 Nd3 18. Nxg6 hxg6 19. a3 c4 20. h4 b5 21. Qd1 Bc5+ 22. Kh2 g5 23. hxg5 Qxg5 24. f4 Qh6+ 25. Bh3 Nf2 26. Rxf2 Bxf2 27. d3 Re1 28. Qf3 Rae8 0-1

[Event "Philadelphia int op 11th"]
[Site "Philadelphia"]
[Date "2017.06.24"]
[Round "2"]
[White "De Fotis, Gary"]
[Black "Baquero, Luis A"]
[Result "1/2-1/2"]
[WhiteElo "1911"]
[BlackElo "2222"]
[PlyCount "45"]
[EventDate "2017.06.24"]
[EventType "swiss"]
[EventRounds "9"]
[EventCountry "USA"]
[SourceTitle "CBM 179 Extra"]
[Source "ChessBase"]
[SourceDate "2017.08.23"]
[SourceVersion "1"]
[SourceVersionDate "2017.08.23"]
[SourceQuality "1"]

1. d4 c5 2. d5 e5 3. c4 f5 4. e4 d6 5. exf5 Bxf5 6. Nc3 Nf6 7. Bd3 e4 8. Bc2 g6 9. Nge2 Bg7 10. 0-0 0-0 11. Bg5 Qe8 12. Qd2 Nbd7 13. Rae1 Ne5 14. b3 Nfg4 15. Ng3 h6 16. Bf4 g5 17. Bxe5 Bxe5 18. Ncxe4 Qg6 19. f3 Nxh2 20. Kxh2 Bxe4 21. Rxe4 Qh5+ 22. Kg1 Bxg3 23. Rf2 1/2-1/2

[Event "World op 38th"]
[Site "Philadelphia"]
[Date "2010.07.04"]
[Round "6"]
[White "Baquero, Luis A"]
[Black "Wang, Puchen"]
[Result "0-1"]
[WhiteElo "2260"]
[BlackElo "2469"]
[PlyCount "44"]
[EventDate "2010.06.29"]
[EventType "swiss"]
[EventRounds "9"]
[EventCountry "USA"]
[SourceTitle "CBM 137 Extra"]
[Source "ChessBase"]
[SourceDate "2010.09.01"]
[SourceVersion "1"]
[SourceVersionDate "2010.09.01"]
[SourceQuality "1"]

1. d4 Nf6 2. Nf3 d5 3. c4 c6 4. Nc3 dxc4 5. a4 Bf5 6. Ne5 e6 7. f3 Nbd7 8. Nxd7 Nxd7 9. e4 Bg6 10. Bxc4 e5 11. Be3 Qb6 12. Qd2 Qb4 13. Ba2 exd4 14. Qxd4 Qxb2 15. Rb1 Qxg2 16. Rg1 Qxh2 17. Rxb7 Rd8 18. Rg5 Be7 19. Ra5 0-0 20. Rxd7 Rxd7 21. Qxd7 Bb4 22. Rc5 Qxa2 0-1

[Event "Nice op 21st"]
[Site "Nice"]
[Date "2005.08.05"]
[Round "6"]
[White "Boursier, Julien"]
[Black "Baquero, Luis A"]
[Result "1-0"]
[WhiteElo "2060"]
[BlackElo "2301"]
[PlyCount "57"]
[EventDate "2005.08.01"]
[EventType "swiss"]
[EventRounds "7"]
[EventCountry "FRA"]
[SourceTitle "CBM 107 Extra"]
[Source "ChessBase"]
[SourceDate "2005.09.01"]
[SourceVersion "1"]
[SourceVersionDate "2005.09.01"]
[SourceQuality "1"]

1. d4 Nf6 2. Nf3 g6 3. Bg5 Ne4 4. Bh4 Bg7 5. Nbd2 d5 6. e3 c5 7. c3 Nxd2 8. Qxd2 cxd4 9. exd4 Nc6 10. Bd3 Bg4 11. Qf4 Bxf3 12. Qxf3 0-0 13. 0-0 Qd7 14. Qe2 f6 15. f4 e5 16. fxe5 fxe5 17. dxe5 Bxe5 18. Rxf8+ Rxf8 19. Rf1 Rxf1+ 20. Qxf1 Qd6 21. h3 Bh2+ 22. Kh1 Bf4 23. Bc2 Kg7 24. Qb5 b6 25. Bb3 d4 26. Qc4 d3 27. Qg8+ Kh6 28. Bf6 Qc7 29. Qf8+ 1-0

[Event "Amsterdam ACT op 2nd"]
[Site "Amsterdam"]
[Date "2005.07.19"]
[Round "4"]
[White "Giddins, Stephen"]
[Black "Baquero, Luis A"]
[Result "1/2-1/2"]
[WhiteElo "2204"]
[BlackElo "2301"]
[PlyCount "75"]
[EventDate "2005.07.16"]
[EventType "swiss"]
[EventRounds "9"]
[EventCountry "NED"]
[SourceTitle "CBM 107 Extra"]
[Source "ChessBase"]
[SourceDate "2005.09.01"]
[SourceVersion "1"]
[SourceVersionDate "2005.09.01"]
[SourceQuality "1"]

1. Nf3 g6 2. c4 Bg7 3. d4 Nf6 4. Nc3 d5 5. cxd5 Nxd5 6. e4 Nxc3 7. bxc3 c5 8. Rb1 0-0 9. Be2 cxd4 10. cxd4 Qa5+ 11. Bd2 Qxa2 12. 0-0 Bg4 13. Bg5 h6 14. Be3 Nc6 15. d5 Na5 16. Rb4 b6 17. e5 Bxf3 18. Bxf3 Bxe5 19. d6 Bxd6 20. Ra4 Qb2 21. Bxa8 Rxa8 22. Qf3 Rc8 23. Bxh6 Rc4 24. Rxc4 Nxc4 25. g3 b5 26. h4 Kh7 27. Bc1 Qf6 28. Qc6 Qf5 29. Kg2 a5 30. h5 gxh5 31. Rh1 a4 32. Rh4 Kg7 33. g4 hxg4 34. Qe8 Qf3+ 35. Kg1 Qd1+ 36. Kg2 Qf3+ 37. Kg1 Qd1+ 38. Kg2 1/2-1/2

[Event "Amsterdam ACT op 2nd"]
[Site "Amsterdam"]
[Date "2005.07.16"]
[Round "1"]
[White "Burg, Twan"]
[Black "Baquero, Luis A"]
[Result "1-0"]
[WhiteElo "2218"]
[BlackElo "2301"]
[PlyCount "65"]
[EventDate "2005.07.16"]
[EventType "swiss"]
[EventRounds "9"]
[EventCountry "NED"]
[SourceTitle "CBM 107 Extra"]
[Source "ChessBase"]
[SourceDate "2005.09.01"]
[SourceVersion "1"]
[SourceVersionDate "2005.09.01"]
[SourceQuality "1"]

1. e4 e5 2. Nf3 Nc6 3. d4 exd4 4. Nxd4 Nf6 5. Nxc6 bxc6 6. e5 Qe7 7. Qe2 Nd5 8. c4 Ba6 9. Qe4 Nf6 10. Qe2 Nd5 11. Qe4 Nb4 12. Nc3 g6 13. f4 f5 14. Qb1 d6 15. a3 dxe5 16. axb4 exf4+ 17. Kd1 Rd8+ 18. Kc2 Qe1 19. Rxa6 Bxb4 20. Bxf4 Qf2+ 21. Ne2 0-0 22. Qc1 Rfe8 23. Kb1 Re4 24. Bg3 Qc5 25. Nc3 Bxc3 26. Qxc3 Rd1+ 27. Ka2 f4 28. Qc2 Qd4 29. Bf2 Re3 30. Bxe3 fxe3 31. Ra3 Rd2 32. Qc3 Qe4 33. Qxe3 1-0

[Event "Porto San Giorgio op 14th"]
[Site "Porto San Giorgio"]
[Date "2002.08.23"]
[Round "4"]
[White "Fercec, Nenad"]
[Black "Baquero, Luis A"]
[Result "1/2-1/2"]
[WhiteElo "2494"]
[BlackElo "2275"]
[PlyCount "112"]
[EventDate "2002.08.20"]
[EventType "swiss"]
[EventRounds "9"]
[EventCountry "ITA"]
[SourceTitle "CBM 089 Extra"]
[Source "ChessBase"]
[SourceDate "2002.09.10"]
[SourceVersion "2"]
[SourceVersionDate "2002.09.10"]
[SourceQuality "1"]

1. e4 e5 2. Nf3 Nc6 3. Bb5 Nf6 4. 0-0 Nxe4 5. d4 Nd6 6. Bxc6 dxc6 7. dxe5 Nf5 8. Qxd8+ Kxd8 9. Nc3 h6 10. h3 Bd7 11. b3 b6 12. Bb2 Ne7 13. Rad1 Kc8 14. Rd2 c5 15. Rfd1 Bc6 16. Nh2 Kb7 17. Ng4 Ng6 18. Ne2 Be7 19. g3 h5 20. Ne3 h4 21. g4 Bg5 22. Rd3 Bf3 23. R3d2 Nf4 24. Nxf4 Bxd1 25. Rxd1 Bxf4 26. Ng2 Bg5 27. Rd7 Rhf8 28. f4 Rad8 29. Rxd8 Bxd8 30. g5 g6 31. Kf2 Be7 32. Kf3 Rd8 33. Ke2 Kc6 34. Bc3 Kd5 35. Ke3 c4 36. b4 a5 37. bxa5 Bc5+ 38. Kf3 b5 39. f5 gxf5 40. Nf4+ Kc6 41. e6 fxe6 42. Nxe6 Rg8 43. Kf4 b4 44. Bf6 Be3+ 45. Kxe3 Re8 46. Kf4 Rxe6 47. Kxf5 Re3 48. g6 Rf3+ 49. Ke6 Rxh3 50. g7 Rg3 51. Kf5 Rxg7 52. Bxg7 Kb5 53. Be5 Kxa5 54. Bxc7+ Ka4 55. Kg4 b3 56. axb3+ cxb3 1/2-1/2

[Event "Nice op 7th"]
[Site "Nice"]
[Date "2000.08.08"]
[Round "2"]
[White "Baquero, Luis A"]
[Black "Agrest, Evgenij"]
[Result "0-1"]
[WhiteElo "2303"]
[BlackElo "2554"]
[PlyCount "48"]
[EventDate "2000.08.??"]
[EventType "swiss"]
[EventRounds "7"]
[EventCountry "FRA"]
[SourceTitle "EXT 2001"]
[Source "ChessBase"]
[SourceDate "2000.11.22"]
[SourceVersion "1"]
[SourceVersionDate "2000.11.22"]
[SourceQuality "1"]

1. c4 f5 2. g3 Nf6 3. Nc3 g6 4. Bg2 Bg7 5. Nh3 0-0 6. d4 d6 7. 0-0 Nc6 8. d5 Ne5 9. b3 c5 10. dxc6 bxc6 11. Nf4 Bd7 12. Bb2 Nf7 13. Nd3 e5 14. e4 Re8 15. Qd2 Bh6 16. Qc2 Rc8 17. f4 exf4 18. Nxf4 Bg5 19. Nd3 Ng4 20. h3 Nge5 21. Ne2 Qb6+ 22. Kh1 Qe3 23. Bc3 Bf6 24. exf5 Bxf5 0-1

[Event "Martinez op-A"]
[Site "Cannes"]
[Date "2000.08.02"]
[Round "5"]
[White "Moingt, Anne"]
[Black "Baquero, Luis A"]
[Result "0-1"]
[WhiteElo "2135"]
[BlackElo "2303"]
[PlyCount "90"]
[EventDate "2000.07.29"]
[EventType "swiss"]
[EventRounds "9"]
[EventCountry "FRA"]
[SourceTitle "EXT 2001"]
[Source "ChessBase"]
[SourceDate "2000.11.22"]
[SourceVersion "1"]
[SourceVersionDate "2000.11.22"]
[SourceQuality "1"]

1. e4 c5 2. Nf3 d6 3. d4 cxd4 4. Nxd4 Nf6 5. Nc3 a6 6. Be2 e6 7. 0-0 Be7 8. a4 0-0 9. Kh1 Nc6 10. Be3 Qc7 11. f4 Bd7 12. Nb3 Rfe8 13. Bf3 Rab8 14. g4 Bc8 15. g5 Nd7 16. Bg2 b6 17. Qh5 g6 18. Qh3 Bf8 19. Rf2 Na5 20. Raf1 Nxb3 21. cxb3 Bg7 22. Rc1 Nc5 23. Bd2 Qd7 24. Rd1 Nxb3 25. Be3 Nc5 26. Rfd2 Bxc3 27. Rxd6 Qxa4 28. bxc3 e5 29. Qh6 Nxe4 30. R6d3 Bg4 31. Re1 Red8 32. Rxd8+ Rxd8 33. fxe5 Rd1 34. Qh4 Qa1 35. Rxd1 Qxd1+ 36. Bg1 Bf3 37. h3 Qf1 38. Bxf3 Qxf3+ 39. Kh2 Qe2+ 40. Kh1 Qf3+ 41. Kh2 b5 42. Bd4 Qe2+ 43. Kh1 Nd2 44. e6 Qf1+ 45. Bg1 Qf3+ 0-1

[Event "Bolzano op 15th"]
[Site "Bolzano"]
[Date "2000.07.19"]
[Round "6"]
[White "Timoscenko, Gennadij A"]
[Black "Baquero, Luis A"]
[Result "1/2-1/2"]
[WhiteElo "2519"]
[BlackElo "2303"]
[PlyCount "86"]
[EventDate "2000.07.15"]
[EventType "swiss"]
[EventRounds "9"]
[EventCountry "ITA"]
[SourceTitle "CBM 077 Extra"]
[Source "ChessBase"]
[SourceDate "2000.09.14"]
[SourceVersion "1"]
[SourceVersionDate "2000.09.14"]
[SourceQuality "1"]

1. d4 Nf6 2. c4 g6 3. Nc3 d5 4. cxd5 Nxd5 5. Bd2 Bg7 6. e4 Nb6 7. Be3 0-0 8. Be2 Nc6 9. Nf3 f5 10. exf5 Bxf5 11. Qb3+ Kh8 12. d5 Ne5 13. Nd4 Qc8 14. 0-0 c6 15. dxc6 Nxc6 16. Ncb5 Nxd4 17. Bxd4 Bxd4 18. Nxd4 e5 19. Nb5 Qc2 20. Qxc2 Bxc2 21. Rac1 Be4 22. Rfd1 Bc6 23. Nd6 Rf6 24. Bb5 Rxd6 25. Rxd6 Bxb5 26. Re6 Re8 27. Rxe8+ Bxe8 28. Re1 Nd7 29. f4 Kg8 30. fxe5 Kf8 31. Rc1 Nxe5 32. Rc7 Bc6 33. Rxh7 Nd3 34. g4 Nxb2 35. Kf2 Nd3+ 36. Kg3 Ne5 37. Rc7 g5 38. h4 gxh4+ 39. Kxh4 Nd7 40. g5 Kg7 41. Kh5 Bf3+ 42. Kh4 Bc6 43. Kh5 Bf3+ 1/2-1/2

[Event "Biel MTO op"]
[Site "Biel"]
[Date "1999.07.25"]
[Round "6"]
[White "Baquero, Luis A"]
[Black "Pavlovic, Milos"]
[Result "0-1"]
[WhiteElo "2350"]
[BlackElo "2500"]
[PlyCount "36"]
[EventDate "1999.07.??"]
[EventType "swiss"]
[EventRounds "11"]
[EventCountry "SUI"]
[SourceTitle "EXT 2000"]
[Source "ChessBase"]
[SourceDate "1999.11.16"]
[SourceVersion "1"]
[SourceVersionDate "1999.11.16"]
[SourceQuality "1"]

1. d4 Nf6 2. c4 g6 3. Nc3 Bg7 4. e4 d6 5. Nf3 0-0 6. Be2 e5 7. 0-0 Nc6 8. d5 Ne7 9. b4 Nh5 10. Re1 f5 11. Ng5 Nf6 12. Bf3 c6 13. Be3 a6 14. c5 cxd5 15. exf5 e4 16. cxd6 Nxf5 17. Nxd5 exf3 18. Ne7+ Kh8 0-1

[Event "Biel MTO op"]
[Site "Biel"]
[Date "1999.07.22"]
[Round "3"]
[White "Thipsay, Praveen Mahadeo"]
[Black "Baquero, Luis A"]
[Result "1/2-1/2"]
[WhiteElo "2492"]
[BlackElo "2350"]
[PlyCount "87"]
[EventDate "1999.07.??"]
[EventType "swiss"]
[EventRounds "11"]
[EventCountry "SUI"]
[SourceTitle "EXT 2000"]
[Source "ChessBase"]
[SourceDate "1999.11.16"]
[SourceVersion "1"]
[SourceVersionDate "1999.11.16"]
[SourceQuality "1"]

1. e4 c5 2. Nf3 d6 3. d4 cxd4 4. Nxd4 Nf6 5. Nc3 a6 6. Be2 e6 7. 0-0 Be7 8. Be3 0-0 9. f4 Qc7 10. Qe1 Nc6 11. Qg3 Re8 12. Kh1 d5 13. e5 Ne4 14. Nxe4 dxe4 15. c3 g6 16. Rae1 Nxd4 17. Bxd4 b5 18. a3 Bc5 19. Rd1 Bb7 20. Qe3 Bxd4 21. Rxd4 Red8 22. Rfd1 Rxd4 23. Qxd4 Bd5 24. Kg1 Rd8 25. g3 Rd7 26. Kf2 Bc6 27. Qe3 Rxd1 28. Bxd1 Qd7 29. Qd4 Qb7 30. Ke3 h5 31. Bc2 Kg7 32. h4 Bd5 33. Bxe4 Bxe4 34. Qxe4 Qb6+ 35. Qd4 Qc6 36. Qd2 Qh1 37. Qe2 Qg1+ 38. Qf2 Qd1 39. Qg2 Kh7 40. b4 Qc1+ 41. Kd4 Qxa3 42. Qf3 Kg7 43. Qd3 a5 44. bxa5 1/2-1/2

[Event "Cannes op"]
[Site "Cannes"]
[Date "1999.??.??"]
[Round "5"]
[White "Baquero, Luis A"]
[Black "Legky, Nikolay A"]
[Result "0-1"]
[WhiteElo "2350"]
[BlackElo "2487"]
[PlyCount "79"]
[EventDate "1999.??.??"]
[EventType "swiss"]
[EventRounds "9"]
[EventCountry "FRA"]
[SourceTitle "EXT 2000"]
[Source "ChessBase"]
[SourceDate "1999.11.16"]
[SourceVersion "1"]
[SourceVersionDate "1999.11.16"]
[SourceQuality "1"]

1. d4 d5 2. c4 dxc4 3. Nf3 Nf6 4. Nc3 a6 5. a4 Nc6 6. e4 Bg4 7. Be3 e5 8. d5 Na5 9. h3 Bxf3 10. Qxf3 Bd6 11. g4 Nd7 12. g5 Nb3 13. Rd1 Nd4 14. Qg4 b5 15. h4 0-0 16. Bh3 Nc5 17. 0-0 b4 18. Ne2 Nxe2+ 19. Qxe2 Nxa4 20. Ra1 Nb6 21. Bxb6 cxb6 22. Qxc4 h6 23. Rxa6 Rxa6 24. Qxa6 hxg5 25. h5 Bc5 26. Qe2 Qf6 27. Kg2 Ra8 28. Bf5 g6 29. hxg6 fxg6 30. Bg4 Kg7 31. Rd1 Rf8 32. f3 Rh8 33. Rh1 Rh4 34. Qd2 b3 35. Ra1 Qe7 36. Ra8 Kf6 37. Rc8 Kg7 38. Rc6 Qd8 39. Re6 Qh8 40. Qxg5 0-1

[Event "Massy op"]
[Site "Massy"]
[Date "1992.??.??"]
[Round "3"]
[White "Baquero, Luis A"]
[Black "Gouret, Thierry"]
[Result "1-0"]
[WhiteElo "2370"]
[BlackElo "2215"]
[PlyCount "94"]
[EventDate "1992.??.??"]
[EventType "swiss"]
[EventRounds "9"]
[EventCountry "FRA"]
[SourceTitle "EXT 1999"]
[Source "ChessBase"]
[SourceDate "1998.11.16"]
[SourceVersion "1"]
[SourceVersionDate "1998.11.16"]
[SourceQuality "1"]

1. d4 g6 2. g3 Bg7 3. Bg2 d6 4. e4 Nf6 5. Ne2 0-0 6. 0-0 e5 7. d5 c6 8. c4 b5 9. cxb5 cxb5 10. h3 Nbd7 11. b4 Nb6 12. Nd2 a5 13. bxa5 Rxa5 14. Nb3 Ra8 15. Bd2 Nc4 16. Bb4 Ne8 17. Nd2 f5 18. Nxc4 bxc4 19. Nc3 f4 20. Rb1 Nc7 21. Re1 fxg3 22. fxg3 Na6 23. Kh2 Bh6 24. Rf1 Be3 25. Rxf8+ Qxf8 26. Qe2 Bd4 27. Qxc4 Nxb4 28. Qxb4 Ba6 29. a4 Rc8 30. Nb5 Bxb5 31. Qxb5 Bf2 32. Rb3 Rc1 33. h4 Bg1+ 34. Kh3 Qc8+ 35. g4 Rc3+ 36. Bf3 Bd4 37. Rxc3 Bxc3 38. Qc6 Qxc6 39. dxc6 Ba5 40. g5 Kf7 41. Bg4 Ke7 42. Kg2 Kd8 43. Be6 Bd2 44. Kh3 Kc7 45. Bd5 h6 46. h5 Bxg5 47. hxg6 Bf6 1-0

[Event "Massy op"]
[Site "Massy"]
[Date "1992.??.??"]
[Round "9"]
[White "Baquero, Luis A"]
[Black "Lacrosse, Marc"]
[Result "1-0"]
[WhiteElo "2370"]
[BlackElo "2255"]
[PlyCount "59"]
[EventDate "1992.??.??"]
[EventType "swiss"]
[EventRounds "9"]
[EventCountry "FRA"]
[SourceTitle "EXT 1999"]
[Source "ChessBase"]
[SourceDate "1998.11.16"]
[SourceVersion "1"]
[SourceVersionDate "1998.11.16"]
[SourceQuality "1"]

1. c4 e6 2. Nc3 d5 3. d4 Nf6 4. Bg5 c6 5. e3 Nbd7 6. cxd5 exd5 7. Bd3 Be7 8. Qc2 0-0 9. Nge2 Re8 10. h3 Nf8 11. g4 a5 12. Ng3 c5 13. dxc5 d4 14. exd4 Qxd4 15. Be3 Bxc5 16. Nge4 Qe5 17. Nxc5 Qxc5 18. 0-0-0 Qc7 19. Kb1 Be6 20. Bd4 Nd5 21. Qd2 Rad8 22. Rhe1 Nb4 23. Bf5 Bxf5+ 24. gxf5 Rxe1 25. Qxe1 Qf4 26. Qe5 Qg5 27. h4 Qg4 28. f3 Qg2 29. Rg1 Qc2+ 30. Ka1 1-0

[Event "Massy op"]
[Site "Massy"]
[Date "1992.??.??"]
[Round "7"]
[White "Baquero, Luis A"]
[Black "Nossein, Francis"]
[Result "1-0"]
[WhiteElo "2370"]
[BlackElo "1960"]
[PlyCount "68"]
[EventDate "1992.??.??"]
[EventType "swiss"]
[EventRounds "9"]
[EventCountry "FRA"]
[SourceTitle "EXT 1999"]
[Source "ChessBase"]
[SourceDate "1998.11.16"]
[SourceVersion "1"]
[SourceVersionDate "1998.11.16"]
[SourceQuality "1"]

1. d4 g6 2. Nf3 Bg7 3. g3 d6 4. Bg2 e5 5. c4 Nc6 6. e3 Nh6 7. b4 0-0 8. b5 Ne7 9. Bb2 f6 10. a4 c6 11. Nbd2 Be6 12. h3 Kh8 13. 0-0 e4 14. Nxe4 Bxc4 15. Re1 cxb5 16. Nfd2 d5 17. Nc5 Qc8 18. e4 dxe4 19. axb5 Bxb5 20. Ndxe4 Bc6 21. Nd6 Qc7 22. d5 Qxd6 23. dxc6 Qxd1 24. Raxd1 Nxc6 25. Nxb7 Nd8 26. Ba3 Rg8 27. Nd6 Rb8 28. Re7 a6 29. Ra7 Rb6 30. Bc1 Bf8 31. Rc7 Bg7 32. Bf4 Rb4 33. Re1 g5 34. Rc8 a5 1-0